LEADER 01466nam0 22003373i 450 001 LO10342299 005 20231121125518.0 100 $a20050419d1954 ||||0itac50 ba 101 | $aita 102 $ait 181 1$6z01$ai $bxxxe 182 1$6z01$an 200 1 $a˜Il œsocialismo francese$eda Saint-Simon a Proudhon$fGiuseppe Santonastaso 210 $a[Roma]$cLeonardo$a[Firenze]$cSansoni$dstampa 1954 215 $a165 p., [2] c. di tav.$cill.$d22 cm. 225 | $aStudi storici e politici$v18 410 0$1001RAV0195286$12001 $aStudi storici e politici$v18 606 $aSocialismo$xFrancia$xSec. 19.$2FIR$3CFIC004147$9I 676 $a335.00944$9SOCIALISMO E SISTEMI AFFINI. FRANCIA$v19 700 1$aSantonastaso$b, Giuseppe$f <1904-1976>$3RAVV075463$4070$0139069 801 3$aIT$bIT-01$c20050419 850 $aIT-RM0289 $aIT-RM1248 $aIT-RM1437 $aIT-FR0017 899 $aBiblioteca Statale A. Baldini$bRM0289 899 $aBiblioteca Della Fondazione Pietro Nenni$bRM1248 899 $aBiblioteca Fondazione Nevol Querci - ASIS -$bRM1437 899 $aBiblioteca umanistica Giorgio Aprea$bFR0017 $eN 912 $aLO10342299 950 0$aBiblioteca umanistica Giorgio Aprea$d 52DES 335 San.Soc.$e 52SBA0000188595 VMB RS $fA $h20150729$i20150729 977 $a 04$a 23$a 34$a 52 996 $aSocialismo francese$9274640 997 $aUNICAS LEADER 01357nam0 22003493i 450 001 BVE0932943 005 20251003044100.0 010 $a9788878123663 100 $a20240207d2023 ||||0itac50 ba 101 | $aita$cita 102 $ait 105 $a|||| |||y| 181 1$6z01$ai $bxxxe 182 1$6z01$an 183 1$6z01$anc$2RDAcarrier 200 1 $aWeb semantico$fLaura Manzoni 210 $aRoma$cAssociazione italiana biblioteche$d2023 215 $a68 p.$cill.$d17 cm 225 | $aET$eEnciclopedia tascabile$v50 410 0$1001LO10262168$12001 $aET$eEnciclopedia tascabile$v50 500 10$aWeb semantico$3BVE0932944$9BVEV286030$93364804 676 $a025.0427$9SISTEMI DI MEMORIZZAZIONE E RECUPERO DELL'INFORMAZIONE. Web semantico$v23 686 $aZ 669$c$2C 700 1$aManzoni$b, Laura$f <1993- >$3BVEV286030$4070$01268558 801 3$aIT$bIT-000000$c20240207 850 $aIT-BN0095 901 $bNAP 01$cBCA $nComprende monografie e periodici di diritto, testi di ingegneria, di scienze e tecnologia di nuova acquisizione. 912 $aBVE0932943 950 0$aBiblioteca Centralizzata di Ateneo$c1 v.$d 01BCA DIREZIONE 39$e 01 0000138475E VMA 1 v.$fB $h20241219$i20241219 977 $a 01 996 $aWeb semantico$93364804 997 $aUNISANNIO